10 Most Protected WWE Finishers - Statistics

General Stats
  • This quiz has been taken 196 times
  • The average score is 2 of 10
Answer Stats
Kicked Out Answer % Correct
The Undertaker, Seth Rollins, Braun Strowman & Brock Lesnar Spear (Roman Reigns)
87%
Hollywood Hulk Hogan (unplanned and a mistake) Jackhammer
22%
Brock Lesnar & Sheamus at least W.M.D
21%
Masato Tanaka & Chris Sabin Dudley Death Drop/3D
11%
Punt Kick
11%
Daniel Bryan & Sheamus The Cobra
11%
Razor's Edge
9%
Luke Harper Red Arrow
8%
N/A Doomsday Device
5%
Roman Reigns Running High Knee (Daniel Bryan)
3%
No matching quizzes found
Score Distribution
Percent of People with Each Score
Percentile by Number Answered
Your Score History
You have not taken this quiz